[Event "4NCL Online Division 6"]
[Site "online"]
[Date "2020.10.20"]
[Round "5.52"]
[White "Thomson, John J"]
[Black "Casinelli, Davide"]
[Result "1-0"]
[WhiteElo "1757"]
[BlackElo "1600"]
[PlyCount "115"]
[EventDate "2020.10.20"]
[WhiteTeam "Harborough Cuatro"]
[BlackTeam "Cavan Crusaders"]

1. e4 c5 2. a3 e5 3. Bc4 Nf6 4. Nc3 Be7 5. d3 O-O 6. f4 d6 7. Nf3 Nc6 8. O-O
Bg4 9. h3 Bxf3 10. Qxf3 Nd4 11. Qd1 a6 12. Be3 b5 13. Bd5 Nxd5 14. Nxd5 Nc6 15.
c3 Qd7 16. f5 Bd8 17. g4 Ne7 18. c4 Nxd5 19. cxd5 Bb6 20. Qf3 f6 21. g5 fxg5
22. Bxg5 Bd8 23. Be3 Be7 24. Kh2 Kh8 25. Rg1 Bf6 26. Qg4 a5 27. h4 Qf7 28. h5
h6 29. Rg2 b4 30. Rag1 a4 31. Qg6 Qxg6 32. Rxg6 bxa3 33. bxa3 Rf7 34. Rb1 Kh7
35. Rb6 Rd7 36. Bxh6 Rc8 37. Be3 c4 38. dxc4 Rxc4 39. h6 Rxe4 40. Bc1 Rh4+ 41.
Kg2 Rf4 42. hxg7 Rxg7 43. Bxf4 exf4 44. Rxd6 Rxg6+ 45. fxg6+ Kxg6 46. Kf3 Kf5
47. Ra6 Ke5 48. Rxa4 Kxd5 49. Rxf4 Be7 50. a4 Bd6 51. Rg4 Kc6 52. Rg6 Kc7 53.
Ke4 Bc5 54. Kd5 Bg1 55. Rc6+ Kb7 56. Rc1 Ka6 57. Rxg1 Ka5 58. Rg4 1-0

[Event "4NCL Online Division 6"]
[Site "online"]
[Date "2020.10.20"]
[Round "5.53"]
[White "Nugent, Brian"]
[Black "Garland, Michael A jnr"]
[Result "0-1"]
[WhiteElo "1650"]
[BlackElo "1622"]
[PlyCount "66"]
[EventDate "2020.10.20"]
[WhiteTeam "Cavan Crusaders"]
[BlackTeam "Harborough Cuatro"]

1. e4 c6 2. Bc4 d5 3. exd5 cxd5 4. Bb3 Nf6 5. d4 Bg4 6. Ne2 e6 7. Bg5 Nc6 8. c3
Bd6 9. Nd2 O-O 10. f3 Bh5 11. O-O h6 12. Bh4 Qc7 13. Kh1 Bxh2 14. Bxf6 gxf6 15.
Qe1 Bd6 16. Qh4 Bg6 17. Qxh6 Ne7 18. g4 Bd3 19. Kg2 Rfc8 20. Rh1 Ng6 21. Nc1
Bb5 22. Bc2 Bf4 23. Qh7+ Kf8 24. Ndb3 Bxc1 25. Raxc1 Nf4+ 26. Kf2 Ne2 27. Qh4
Ke7 28. Rce1 Rh8 29. Qxh8 Rxh8 30. Rxh8 Qg3+ 31. Ke3 Qxe1 32. Rb8 Ng1+ 33. Kf4
Nh3# 0-1

[Event "4NCL Online Division 6"]
[Site "online"]
[Date "2020.10.20"]
[Round "5.54"]
[White "Redding, Jonathan"]
[Black "Ferguson, John M"]
[Result "1-0"]
[WhiteElo "1337"]
[BlackElo "1553"]
[PlyCount "69"]
[EventDate "2020.10.20"]
[WhiteTeam "Harborough Cuatro"]
[BlackTeam "Cavan Crusaders"]

1. d4 d5 2. Bf4 Nf6 3. e3 Nc6 4. Nc3 Bf5 5. Nb5 e5 6. dxe5 Ne4 7. Bd3 Be6 8.
Nf3 a6 9. Nbd4 Nxd4 10. exd4 Be7 11. Nd2 f5 12. exf6 Nxf6 13. Nf3 O-O 14. Qe2
Bg4 15. Be5 Qd7 16. h3 Bxf3 17. gxf3 Rae8 18. O-O-O Qa4 19. a3 Nh5 20. f4 Nxf4
21. Bxf4 Bg5 22. Qh5 Bxf4+ 23. Kb1 Bh6 24. Rhg1 Qc6 25. Rg3 Qe6 26. Rdg1 Re7
27. f3 c6 28. Rf1 Rf6 29. f4 Qf7 30. Qh4 Re8 31. Rfg1 Re4 32. Bxe4 dxe4 33. f5
e3 34. c4 Qxc4 35. Qxf6 1-0

[Event "4NCL Online Division 6"]
[Site "online"]
[Date "2020.10.20"]
[Round "5.61"]
[White "Robins, Andrew"]
[Black "Putar, Slavko"]
[Result "1-0"]
[WhiteElo "1750"]
[BlackElo "1676"]
[PlyCount "67"]
[EventDate "2020.10.20"]
[WhiteTeam "Ashfield Anonymous D"]
[BlackTeam "St Benildus D"]

1. e4 e6 2. d4 d5 3. Nd2 Nf6 4. e5 Nfd7 5. c3 c5 6. Bd3 Nc6 7. Ne2 Qb6 8. Nf3
cxd4 9. cxd4 Bb4+ 10. Bd2 O-O 11. O-O f6 12. exf6 Nxf6 13. Bxb4 Qxb4 14. Qc2
Qd6 15. a3 e5 16. dxe5 Nxe5 17. Nxe5 Qxe5 18. Ng3 Bd7 19. Qd2 Bc6 20. Rae1 Qc7
21. Re2 Rae8 22. Rfe1 Rxe2 23. Rxe2 Be8 24. Nf5 Ng4 25. Ng3 a6 26. h3 Nf6 27.
Nf5 Bg6 28. Ne7+ Kf7 29. Nxg6 hxg6 30. Qg5 Ne4 31. Qxd5+ Kf6 32. Qxe4 Qc1+ 33.
Re1 Qc6 34. Qxg6# 1-0

[Event "4NCL Online Division 6"]
[Site "online"]
[Date "2020.10.20"]
[Round "5.62"]
[White "Brady, Fearghal"]
[Black "Shaw, John S"]
[Result "0-1"]
[WhiteElo "1463"]
[BlackElo "1735"]
[PlyCount "74"]
[EventDate "2020.10.20"]
[WhiteTeam "St Benildus D"]
[BlackTeam "Ashfield Anonymous D"]

1. Nf3 c5 2. g3 Nc6 3. Bg2 e5 4. d3 d5 5. O-O Nf6 6. Bg5 Be7 7. Nc3 Be6 8. e4
d4 9. Bxf6 Bxf6 10. Nd5 O-O 11. Nd2 Nb4 12. Nxf6+ Qxf6 13. a3 Nc6 14. f4 Qh6
15. Nc4 Bxc4 16. dxc4 Qd6 17. Qd3 Rab8 18. c3 Rfd8 19. Rad1 Qe7 20. Qf3 Rd6 21.
b4 dxc3 22. Qxc3 cxb4 23. axb4 Rxd1 24. Rxd1 Qxb4 25. Qxb4 Nxb4 26. fxe5 Nc6
27. Rd5 Kf8 28. Bh3 a5 29. e6 a4 30. Rd7 a3 31. Rxf7+ Ke8 32. Rxg7 a2 33. Rg8+
Ke7 34. Rg7+ Kf8 35. Rf7+ Ke8 36. Rf1 Ra8 37. Ra1 Nd4 0-1

[Event "4NCL Online Division 6"]
[Site "online"]
[Date "2020.10.20"]
[Round "5.63"]
[White "Hardman, Daniel"]
[Black "Kashanin, Daniil"]
[Result "1-0"]
[WhiteElo "1675"]
[BlackElo "1359"]
[PlyCount "120"]
[EventDate "2020.10.20"]
[WhiteTeam "Ashfield Anonymous D"]
[BlackTeam "St Benildus D"]

1. e4 c5 2. Nc3 d6 3. f4 Nf6 4. Nf3 Nc6 5. Bb5 Bd7 6. d3 a6 7. Bxc6 Bxc6 8. O-O
g6 9. e5 dxe5 10. fxe5 Nd5 11. Ne4 Bg7 12. Nxc5 Qb6 13. d4 O-O 14. c4 Nc7 15.
b3 Rad8 16. Be3 Qb4 17. Qe2 b5 18. a3 Bxf3 19. Qxf3 Qa5 20. b4 Qb6 21. d5 Qb8
22. Rad1 Bxe5 23. Bh6 Bg7 24. Bxg7 Kxg7 25. Qc3+ Kg8 26. Nb3 bxc4 27. Qxc4 Qb6+
28. Qc5 Qb7 29. Qxe7 Rxd5 30. Rxd5 Qxd5 31. Qxc7 Qxb3 32. Qa5 Qe3+ 33. Kh1 Qe2
34. Kg1 Re8 35. Qd5 Qe3+ 36. Kh1 Qf2 37. Qd1 Qe3 38. Qd5 Qf2 39. Qc4 Qa7 40. a4
Rb8 41. h3 Qb7 42. Kg1 Ra8 43. Qb3 Qb6+ 44. Kh1 Qb7 45. Qf3 Rb8 46. Qxb7 Rxb7
47. Rb1 f5 48. Kg1 Kf7 49. Kf2 Ke6 50. Ke3 Kd5 51. Kf4 Kc4 52. b5 a5 53. Ke5
Kc3 54. Kd6 Kc2 55. Re1 Kb3 56. Kc6 Rb8 57. Kc7 Rf8 58. Re7 Kxa4 59. b6 Kb5 60.
b7 Kc5 1-0

[Event "4NCL Online Division 6"]
[Site "online"]
[Date "2020.10.20"]
[Round "5.64"]
[White "Kashanin, Dimitry"]
[Black "Fraser, Chris"]
[Result "0-1"]
[WhiteElo "948"]
[BlackElo "1645"]
[PlyCount "74"]
[EventDate "2020.10.20"]
[WhiteTeam "St Benildus D"]
[BlackTeam "Ashfield Anonymous D"]

1. e4 c5 2. Nf3 g6 3. d4 cxd4 4. Qxd4 Nf6 5. Nc3 Nc6 6. Qa4 Bg7 7. Be3 O-O 8.
Bd3 d5 9. O-O dxe4 10. Bxe4 Nxe4 11. Qxe4 Bf5 12. Qa4 Be6 13. Rad1 Qb8 14. Rd3
h6 15. h3 a6 16. b3 Bf5 17. Ne4 b5 18. Qa3 Bxe4 19. Rd2 Qb7 20. Ne1 Rfd8 21.
Rxd8+ Rxd8 22. f3 Bf5 23. Qc1 Kh7 24. g4 Bc8 25. f4 e6 26. Nd3 Bd4 27. Rf3 Qb6
28. Bxd4 Qxd4+ 29. Kg2 Bb7 30. Kg3 Nb4 31. Nxb4 Qxb4 32. Rd3 Rxd3+ 33. cxd3 Qd6
34. a3 Qxd3+ 35. Kh2 Qe2+ 36. Kg3 Qf3+ 37. Kh4 Qf2# 0-1

[Event "4NCL Online Division 6"]
[Site "online"]
[Date "2020.10.20"]
[Round "5.71"]
[White "Clarke, Paul R H"]
[Black "Ratnesan, Radha"]
[Result "0-1"]
[WhiteElo "1688"]
[BlackElo "1622"]
[PlyCount "24"]
[EventDate "2020.10.20"]
[WhiteTeam "Bradford DCA Knights C"]
[BlackTeam "Kent KJCA Kestrels E"]

1. e4 d5 2. e5 c5 3. c4 d4 4. a3 a5 5. Bd3 Nc6 6. Qe2 Nh6 7. a4 Bf5 8. Ra3 Bxd3
9. Qxd3 Nb4 10. Qe4 e6 11. Rb3 Qd7 12. Qxb7 Qxb7 0-1

[Event "4NCL Online Division 6"]
[Site "online"]
[Date "2020.10.20"]
[Round "5.72"]
[White "Brightley-Davies, Ciaran"]
[Black "Gallagher, Dominic"]
[Result "1-0"]
[WhiteElo "1592"]
[BlackElo "1630"]
[PlyCount "65"]
[EventDate "2020.10.20"]
[WhiteTeam "Kent KJCA Kestrels E"]
[BlackTeam "Bradford DCA Knights C"]

1. e4 e5 2. Nf3 Nc6 3. d4 exd4 4. Nxd4 Nf6 5. Nxc6 bxc6 6. e5 Qe7 7. Qe2 Nd5 8.
c4 Ba6 9. b3 g6 10. Bb2 Bg7 11. Qe4 Qb4+ 12. Nd2 Nb6 13. a3 Qe7 14. Bd3 O-O 15.
O-O c5 16. f4 d6 17. Rae1 Rfe8 18. Nf3 Nd7 19. f5 dxe5 20. Bc1 Nf6 21. Qh4 e4
22. fxg6 fxg6 23. Ng5 Bb7 24. Bxe4 Bxe4 25. Rxe4 Qd6 26. Rxf6 Qxf6 27. Qxh7+
Kf8 28. Rf4 Qxf4 29. Bxf4 Bd4+ 30. Kf1 Re7 31. Qh6+ Bg7 32. Qxg6 Bd4 33. Nh7+
1-0

[Event "4NCL Online Division 6"]
[Site "online"]
[Date "2020.10.20"]
[Round "5.73"]
[White "Redmond, Nigel"]
[Black "Langley, Anthony M"]
[Result "0-1"]
[WhiteElo "1565"]
[BlackElo "1577"]
[PlyCount "70"]
[EventDate "2020.10.20"]
[WhiteTeam "Bradford DCA Knights C"]
[BlackTeam "Kent KJCA Kestrels E"]

1. e4 c5 2. Nc3 Nc6 3. f4 g6 4. Nf3 Nd4 5. Bc4 Bg7 6. O-O Qc7 7. d3 e6 8. Nb5
Nxb5 9. Bxb5 a6 10. Bc4 b5 11. Bb3 Bb7 12. Qe1 a5 13. a3 c4 14. dxc4 bxc4 15.
Ba4 Qb6+ 16. Kh1 Ne7 17. Rb1 Qc7 18. c3 Nc8 19. f5 Nb6 20. Bb5 gxf5 21. e5 a4
22. Bf4 Bxf3 23. Rxf3 Ra5 24. Bxd7+ Nxd7 25. Qg3 Bxe5 26. Bxe5 Qxe5 27. Qh3 Rd5
28. Re3 Qf6 29. Re2 Rd3 30. Re3 Rxe3 31. Qxe3 O-O 32. Rf1 Qg6 33. Rf3 Nf6 34.
Rg3 Ng4 35. Qc5 Qh6 0-1

[Event "4NCL Online Division 6"]
[Site "online"]
[Date "2020.10.20"]
[Round "5.74"]
[White "Sagar, Aneesh"]
[Black "Waite, Nicholas"]
[Result "0-1"]
[WhiteElo "1577"]
[BlackElo "1420"]
[PlyCount "58"]
[EventDate "2020.10.20"]
[WhiteTeam "Kent KJCA Kestrels E"]
[BlackTeam "Bradford DCA Knights C"]

1. c4 c5 2. Nc3 Nc6 3. g3 g6 4. Bg2 Bg7 5. e4 e6 6. Nge2 Nge7 7. d3 O-O 8. O-O
b6 9. Be3 Bb7 10. Rb1 d6 11. d4 cxd4 12. Nxd4 Qd7 13. b4 Ne5 14. Ndb5 Nxc4 15.
Bd4 Ne5 16. f4 N5c6 17. Bxg7 Kxg7 18. Nxd6 Rfd8 19. e5 Nc8 20. Nxb7 Qxb7 21.
Bxc6 Rxd1 22. Bxb7 Rxf1+ 23. Kxf1 Rb8 24. Bxc8 Rxc8 25. Nb5 Rc2 26. Nxa7 Rxa2
27. Nc8 Rxh2 28. Nxb6 Rh1+ 29. Kg2 Rxb1 0-1

[Event "4NCL Online Division 6"]
[Site "online"]
[Date "2020.10.20"]
[Round "5.81"]
[White "Marshall, Duncan"]
[Black "Frean, Daniel J"]
[Result "0-1"]
[WhiteElo "1727"]
[BlackElo "1997"]
[PlyCount "70"]
[EventDate "2020.10.20"]
[WhiteTeam "Hertford 2"]
[BlackTeam "Broadland Falco Duboisi"]

1. d4 f5 2. e3 Nf6 3. Bd3 e6 4. Nd2 c5 5. c3 b6 6. f4 Be7 7. Ngf3 O-O 8. O-O
Bb7 9. Qe2 Ne4 10. Bxe4 fxe4 11. Ne5 d6 12. Ng4 Nd7 13. Nb3 a5 14. Qc2 Qe8 15.
dxc5 bxc5 16. Nd2 Qg6 17. Nf2 d5 18. c4 Nf6 19. cxd5 exd5 20. b3 d4 21. Nc4 d3
22. Qd2 a4 23. Bb2 axb3 24. axb3 Nd7 25. Ne5 Nxe5 26. Bxe5 Bf6 27. Qc3 Bxe5 28.
Qxe5 Rxa1 29. Rxa1 Qf6 30. Ng4 Qxe5 31. Nxe5 Bd5 32. Rb1 Rb8 33. Nd7 Rxb3 34.
Rxb3 Bxb3 35. Nxc5 d2 0-1

[Event "4NCL Online Division 6"]
[Site "online"]
[Date "2020.10.20"]
[Round "5.82"]
[White "Hughes, Mervyn"]
[Black "Rudd, David R"]
[Result "1-0"]
[WhiteElo "1952"]
[BlackElo "1735"]
[PlyCount "81"]
[EventDate "2020.10.20"]
[WhiteTeam "Broadland Falco Duboisi"]
[BlackTeam "Hertford 2"]

1. d4 Nf6 2. Nf3 d5 3. Bf4 Bf5 4. e3 e6 5. c4 Bd6 6. Bg3 Bxg3 7. hxg3 O-O 8.
Nc3 Nbd7 9. Nh4 Bg6 10. Nxg6 hxg6 11. Bd3 c5 12. Qf3 cxd4 13. exd4 dxc4 14. Bc2
Nb6 15. g4 Nfd7 16. Qh3 f5 17. Qh7+ Kf7 18. Rh6 Qg5 19. Rh1 Nf6 20. Qh2 Nxg4
21. Qc7+ Qe7 22. Qxe7+ Kxe7 23. Bd1 Nf6 24. Bf3 Nbd5 25. Kd2 Rh8 26. Rhe1 Kf7
27. Nb5 Rhd8 28. a4 a6 29. Na3 Rac8 30. Rac1 g5 31. Nxc4 g4 32. Bxd5 Rxd5 33.
Ne5+ Rxe5 34. Rxc8 Rd5 35. Rc7+ Rd7 36. Rxd7+ Nxd7 37. Rc1 Ke7 38. Rc7 Kd6 39.
Rxb7 g6 40. Ra7 Kd5 41. Rxd7+ 1-0

[Event "4NCL Online Division 6"]
[Site "online"]
[Date "2020.10.20"]
[Round "5.83"]
[White "Wooster, Nick"]
[Black "Payne, David J"]
[Result "1/2-1/2"]
[WhiteElo "1682"]
[BlackElo "1856"]
[PlyCount "61"]
[EventDate "2020.10.20"]
[WhiteTeam "Hertford 2"]
[BlackTeam "Broadland Falco Duboisi"]

1. d4 Nf6 2. c4 e5 3. dxe5 Ng4 4. Nf3 Nc6 5. h3 Ngxe5 6. Nbd2 Bc5 7. e3 O-O 8.
Be2 d6 9. O-O f5 10. Nb3 Bb6 11. a3 Be6 12. Qc2 Qf6 13. Nfd4 Bd7 14. Bd2 a5 15.
Bc3 Qg6 16. Nd2 f4 17. Qxg6 Nxg6 18. N2f3 fxe3 19. fxe3 Rae8 20. Bd3 Rxe3 21.
Bxg6 hxg6 22. Kh2 Ne5 23. Nxe5 dxe5 24. Rxf8+ Kxf8 25. Rf1+ Ke7 26. Nf3 Ke6 27.
Ng5+ Kd6 28. Nf7+ Ke6 29. Ng5+ Kd6 30. Nf7+ Ke6 31. Ng5+ 1/2-1/2

[Event "4NCL Online Division 6"]
[Site "online"]
[Date "2020.10.20"]
[Round "5.84"]
[White "Badger, Paul"]
[Black "Zsibrita, Steve"]
[Result "1-0"]
[WhiteElo "1750"]
[BlackElo "1465"]
[PlyCount "91"]
[EventDate "2020.10.20"]
[WhiteTeam "Broadland Falco Duboisi"]
[BlackTeam "Hertford 2"]

1. e4 c6 2. d4 d5 3. Nd2 dxe4 4. Nxe4 Bf5 5. Ng3 Bg6 6. Nf3 Nd7 7. h4 h5 8. Bd3
Bxd3 9. Qxd3 Ngf6 10. Bd2 e6 11. O-O Be7 12. c4 O-O 13. Ng5 g6 14. Rfe1 Re8 15.
Rxe6 Nf8 16. Re2 Bd6 17. Rxe8 Qxe8 18. Re1 Qd7 19. N3e4 Nxe4 20. Nxe4 Nh7 21.
Nxd6 Qxd6 22. Qe3 Nf6 23. Qe5 Qxe5 24. Rxe5 Re8 25. Rxe8+ Nxe8 26. g3 Nd6 27.
b3 f5 28. Kf1 Kf7 29. Ke2 Ke6 30. f3 a6 31. Bf4 Nc8 32. Kd3 b5 33. a3 Na7 34.
Bb8 Nc8 35. cxb5 axb5 36. a4 bxa4 37. bxa4 Kd7 38. a5 Nd6 39. Bxd6 Kxd6 40. Kc4
Kc7 41. Kc5 Kb7 42. a6+ Kxa6 43. Kxc6 Ka7 44. Kc7 Ka6 45. d5 Kb5 46. d6 1-0

[Event "4NCL Online Division 6"]
[Site "online"]
[Date "2020.10.20"]
[Round "5.91"]
[White "Albu, Gheorghe"]
[Black "Clark, Richard"]
[Result "1-0"]
[WhiteElo "2132"]
[BlackElo "1900"]
[PlyCount "129"]
[EventDate "2020.10.20"]
[WhiteTeam "Braunstone"]
[BlackTeam "Cornish Pirates"]

1. e4 g6 2. d4 Bg7 3. f4 d6 4. Nf3 Nd7 5. e5 Nb6 6. Bd3 dxe5 7. fxe5 e6 8. Bg5
Ne7 9. Nc3 Bd7 10. Ne4 Bc6 11. Nf6+ Bxf6 12. Bxf6 Rg8 13. c3 Nbd5 14. Bg5 Qd7
15. O-O O-O-O 16. Nd2 Nf5 17. Qe2 h6 18. Bxd8 Kxd8 19. Ne4 g5 20. Rae1 Rg7 21.
Nc5 Qe8 22. Be4 Kc8 23. g3 Nfe3 24. Rf3 Bb5 25. Bd3 Bxd3 26. Qxd3 Nf5 27. a3 h5
28. c4 Nde7 29. d5 b6 30. Ne4 g4 31. Nf6 Qd8 32. Rf4 h4 33. Rxg4 hxg3 34. hxg3
Rxg4 35. Nxg4 exd5 36. cxd5 Qxd5 37. Qxd5 Nxd5 38. Kg2 Kd7 39. Nf6+ Ke6 40.
Nxd5 Kxd5 41. Kf3 c5 42. Kf4 Nd4 43. Rh1 Ne2+ 44. Kg4 Ke6 45. Rf1 Nd4 46. Rf6+
Kxe5 47. Rxf7 a5 48. Ra7 Kd5 49. Kh5 Kc4 50. Rb7 b5 51. Rc7 a4 52. g4 Ne6 53.
Rc6 Nd4 54. Rc8 Kb3 55. Rxc5 Kxb2 56. Rd5 Kc3 57. g5 Kc4 58. Rxd4+ Kxd4 59. g6
b4 60. g7 b3 61. g8=Q Kc3 62. Qb8 Kb2 63. Qb4 Ka2 64. Qxa4 b2 65. Qb4 1-0

[Event "4NCL Online Division 6"]
[Site "online"]
[Date "2020.10.20"]
[Round "5.92"]
[White "Jiménez Patiño, Manuel David"]
[Black "Bray, David"]
[Result "0-1"]
[WhiteElo "1750"]
[BlackElo "2042"]
[PlyCount "68"]
[EventDate "2020.10.20"]
[WhiteTeam "Cornish Pirates"]
[BlackTeam "Braunstone"]

1. f4 d5 2. Nf3 g6 3. e3 Bg7 4. Bb5+ Bd7 5. Be2 c5 6. d4 Nc6 7. O-O Qb6 8. c3
Nf6 9. Ne5 O-O 10. Nxd7 Nxd7 11. Nd2 Rac8 12. Qb3 Qxb3 13. Nxb3 c4 14. Nd2 b5
15. a3 Nf6 16. Bf3 a5 17. Re1 b4 18. e4 bxc3 19. bxc3 e6 20. a4 Rfd8 21. Ba3
dxe4 22. Nxe4 Nd5 23. g3 Nxc3 24. Bc5 Nxd4 25. Bxd4 Bxd4+ 26. Kg2 Nxe4 27. Bxe4
Bxa1 28. Rxa1 c3 29. Rc1 Rd2+ 30. Kh3 Kg7 31. g4 Ra2 32. Bc2 Rb8 33. Kg3 Rbb2
34. Bb1 Ra1 0-1

[Event "4NCL Online Division 6"]
[Site "online"]
[Date "2020.10.20"]
[Round "5.93"]
[White "Tang, Julian"]
[Black "Kostadinov, Boris K"]
[Result "1-0"]
[WhiteElo "1840"]
[BlackElo "1660"]
[PlyCount "39"]
[EventDate "2020.10.20"]
[WhiteTeam "Braunstone"]
[BlackTeam "Cornish Pirates"]

1. e4 c5 2. Nf3 d6 3. Bc4 e6 4. O-O Nc6 5. Nc3 Nf6 6. Re1 Be7 7. d4 cxd4 8.
Nxd4 Bd7 9. Bg5 Rc8 10. Bb3 a6 11. a4 O-O 12. Qd2 Qa5 13. Nf3 Rfd8 14. Rad1 Be8
15. Qe2 d5 16. exd5 exd5 17. Bxf6 Bxf6 18. Rxd5 Rxd5 19. Qxe8+ Rxe8 20. Rxe8#
1-0

[Event "4NCL Online Division 6"]
[Site "online"]
[Date "2020.10.20"]
[Round "5.94"]
[White "Robinson, Neil"]
[Black "Abubakar, Abdi"]
[Result "0-1"]
[WhiteElo "1640"]
[BlackElo "1765"]
[PlyCount "108"]
[EventDate "2020.10.20"]
[WhiteTeam "Cornish Pirates"]
[BlackTeam "Braunstone"]

1. d4 d5 2. c4 c6 3. Nf3 Nf6 4. Nc3 g6 5. e3 Bg7 6. Bd3 Bg4 7. h3 Bd7 8. O-O
O-O 9. Re1 dxc4 10. Bxc4 b5 11. Bd3 Nd5 12. Ne4 Bf5 13. Nc5 Bxd3 14. Qxd3 Nd7
15. e4 Nxc5 16. dxc5 Nc7 17. Qb3 Ne6 18. Be3 a5 19. Rad1 Qc7 20. Re2 a4 21. Qc2
Rad8 22. Red2 Rxd2 23. Rxd2 Rd8 24. a3 Rxd2 25. Qxd2 Qd8 26. Qxd8+ Nxd8 27. Bd4
Ne6 28. Bxg7 Kxg7 29. Ne5 Nxc5 30. Nxc6 e6 31. f3 Nd3 32. Nd4 b4 33. axb4 Nxb4
34. Kf1 Nd3 35. b3 a3 36. Nc2 a2 37. Ke2 Nb4 38. Na1 Kf6 39. f4 e5 40. g3 exf4
41. gxf4 g5 42. Kf3 h6 43. Ke3 gxf4+ 44. Kxf4 h5 45. e5+ Kg6 46. h4 Nd3+ 47.
Ke4 Nb4 48. Kf4 f5 49. e6 Kf6 50. e7 Nd5+ 51. Kf3 Nxe7 52. b4 Ke5 53. Ke3 Nd5+
54. Kd3 Nxb4+ 0-1

[Event "4NCL Online Division 6"]
[Site "online"]
[Date "2020.10.20"]
[Round "5.101"]
[White "Strong, Chris M"]
[Black "Marshall, Michael"]
[Result "1/2-1/2"]
[WhiteElo "1795"]
[BlackElo "1832"]
[PlyCount "56"]
[EventDate "2020.10.20"]
[WhiteTeam "Wells Globetrotters"]
[BlackTeam "Anglia Avengers 3"]

1. e4 c5 2. Nf3 e6 3. d4 cxd4 4. Nxd4 Nc6 5. Nc3 Qc7 6. f4 a6 7. Be3 b5 8. Bd3
Bb7 9. O-O Nxd4 10. Bxd4 Bc5 11. Bxc5 Qxc5+ 12. Kh1 b4 13. Ne2 Nf6 14. Ng3 O-O
15. e5 Ne8 16. Qh5 f5 17. Rae1 Qd5 18. Rf2 Qc5 19. Rff1 Bd5 20. Qe2 Nc7 21. Qe3
Qxe3 22. Rxe3 g6 23. Ne2 Nb5 24. Kg1 Rfc8 25. Kf2 Kf7 26. Kg3 Ra7 27. Rd1 Rac7
28. Nc1 Ke7 1/2-1/2

[Event "4NCL Online Division 6"]
[Site "online"]
[Date "2020.10.20"]
[Round "5.102"]
[White "Stephens, Robert Wynn"]
[Black "Humphreys, Paul"]
[Result "0-1"]
[WhiteElo "1787"]
[BlackElo "1727"]
[PlyCount "94"]
[EventDate "2020.10.20"]
[WhiteTeam "Anglia Avengers 3"]
[BlackTeam "Wells Globetrotters"]

1. Nf3 Nf6 2. g3 d5 3. c4 c6 4. b3 g6 5. Bb2 Bg7 6. Bg2 O-O 7. O-O Nbd7 8. d4
Re8 9. Nbd2 Qc7 10. Rc1 Ne4 11. cxd5 Ndf6 12. dxc6 bxc6 13. Nxe4 Nxe4 14. Qc2
Bf5 15. Qxc6 Qa5 16. a4 Rab8 17. Bc3 Nxc3 18. Rxc3 Rec8 19. Rc5 Qxc5 20. Qxc5
Rxc5 21. dxc5 Rxb3 22. Rc1 Ra3 23. c6 Rxa4 24. c7 Bc8 25. e3 Ra1 26. Rxa1 Bxa1
27. Nd2 Kf8 28. Nb3 Be5 29. Kf1 Bxc7 30. Ke2 Ke8 31. Kd2 a5 32. Kc2 Bb6 33. Kb2
e5 34. Ka3 Bd7 35. Nd2 Bc5+ 36. Ka2 Bb4 37. Ne4 Ke7 38. Bf1 Be6+ 39. Ka1 h6 40.
f4 f5 41. Nf2 e4 42. Kb2 a4 43. Nd1 a3+ 44. Kb1 Kd6 45. Be2 Kc5 46. h3 h5 47.
Nf2 a2+ 0-1

[Event "4NCL Online Division 6"]
[Site "online"]
[Date "2020.10.20"]
[Round "5.103"]
[White "Goatcher, Matthew W"]
[Black "Paez, Alonso"]
[Result "0-1"]
[WhiteElo "1675"]
[BlackElo "1652"]
[PlyCount "102"]
[EventDate "2020.10.20"]
[WhiteTeam "Wells Globetrotters"]
[BlackTeam "Anglia Avengers 3"]

1. c4 c5 2. g3 g5 3. d3 h6 4. Bg2 Nc6 5. Nc3 b6 6. e4 Bb7 7. Nge2 Bg7 8. O-O e6
9. Nb5 d6 10. Rb1 a6 11. Nbc3 Nge7 12. f4 g4 13. f5 Bxc3 14. bxc3 e5 15. d4
cxd4 16. cxd4 f6 17. Be3 Nc8 18. d5 N6e7 19. Qa4+ Qd7 20. Qxd7+ Kxd7 21. Nc3
Kc7 22. Rb2 a5 23. Rfb1 Ba6 24. Bf1 Rb8 25. Na4 h5 26. Nxb6 h4 27. gxh4 Rxh4
28. Nxc8 Rxb2 29. Rxb2 Nxc8 30. a4 g3 31. hxg3 Rxe4 32. Bd2 Bxc4 33. Bxa5+ Kd7
34. Rb4 Bxd5 35. Rxe4 Bxe4 36. g4 d5 37. Kf2 Ne7 38. Bb5+ Nc6 39. Bd2 Kd6 40.
a5 d4 41. a6 Na7 42. Bb4+ Kd5 43. Ke2 Nxb5 44. Be7 d3+ 45. Kd2 Nd4 46. a7 Kc4
47. Bxf6 Nf3+ 48. Kd1 Ba8 49. g5 e4 50. g6 e3 51. g7 e2+ 0-1

[Event "4NCL Online Division 6"]
[Site "online"]
[Date "2020.10.20"]
[Round "5.111"]
[White "Zhang, Zheming"]
[Black "Bromilow, Edward T"]
[Result "1/2-1/2"]
[WhiteElo "2102"]
[BlackElo "1870"]
[PlyCount "78"]
[EventDate "2020.10.20"]
[WhiteTeam "Forest Hall Juniors"]
[BlackTeam "Ashfield Anonymous C"]

1. e4 c6 2. d3 d5 3. Nd2 dxe4 4. dxe4 e5 5. Ngf3 Bg4 6. h3 Bxf3 7. Qxf3 Qf6 8.
Qb3 b6 9. Nf3 h6 10. Be3 Nd7 11. O-O-O Bc5 12. Kb1 Bxe3 13. Qxe3 Rd8 14. Bc4
Ne7 15. Rd2 Nc5 16. Rxd8+ Kxd8 17. b4 Ne6 18. Rd1+ Kc7 19. Qc3 Ng6 20. Bd5 Nef4
21. Bb3 Rd8 22. Rxd8 Kxd8 23. Qc4 Nxg2 24. Qxf7 Qxf7 25. Bxf7 N2f4 26. Bxg6
Nxg6 27. h4 h5 28. Kc1 Ke7 29. Kd2 Kd6 30. Ke3 c5 31. c3 cxb4 32. cxb4 a5 33.
bxa5 bxa5 34. Kd3 Kc5 35. Kc3 a4 36. a3 Kb5 37. Kd3 Kc5 38. Kc3 Kb5 39. Kd3 Kc5
1/2-1/2

[Event "4NCL Online Division 6"]
[Site "online"]
[Date "2020.10.20"]
[Round "5.112"]
[White "Graham, Neil"]
[Black "Fearnhead, Ben"]
[Result "1/2-1/2"]
[WhiteElo "1847"]
[BlackElo "1810"]
[PlyCount "40"]
[EventDate "2020.10.20"]
[WhiteTeam "Ashfield Anonymous C"]
[BlackTeam "Forest Hall Juniors"]

1. d4 d5 2. Bg5 Nf6 3. Bxf6 exf6 4. e3 c5 5. c4 cxd4 6. Qxd4 Nc6 7. Qxd5 Qxd5
8. cxd5 Nb4 9. Bb5+ Bd7 10. Bxd7+ Kxd7 11. Kd2 Nxd5 12. a3 Rc8 13. Ne2 Bc5 14.
Nbc3 Nxc3 15. Nxc3 Rhd8 16. Ke2 Bb6 17. Rhd1+ Ke8 18. Rxd8+ Bxd8 19. Rd1 Ba5
20. Rd3 Bxc3 1/2-1/2

[Event "4NCL Online Division 6"]
[Site "online"]
[Date "2020.10.20"]
[Round "5.113"]
[White "Xu, Weiming"]
[Black "Pettinger, Martin"]
[Result "0-1"]
[WhiteElo "1660"]
[BlackElo "1727"]
[PlyCount "142"]
[EventDate "2020.10.20"]
[WhiteTeam "Forest Hall Juniors"]
[BlackTeam "Ashfield Anonymous C"]

1. e4 c5 2. Nf3 d6 3. Bb5+ Nd7 4. Nc3 a6 5. Bxd7+ Bxd7 6. O-O Nf6 7. d3 e6 8.
Bg5 Be7 9. Qd2 b5 10. a3 O-O 11. e5 dxe5 12. Nxe5 Nd5 13. Bxe7 Nxe7 14. Ne4 Rc8
15. b4 cxb4 16. axb4 Ra8 17. Nc5 Bc8 18. Qe3 f6 19. Nf3 Qd6 20. Nd4 e5 21. Ndb3
Be6 22. Nd2 Nd5 23. Qe4 Bf7 24. Nf3 Rfc8 25. Rfc1 Nxb4 26. Qxb4 Qxc5 27. Qb2 a5
28. d4 exd4 29. Qxd4 b4 30. Qe4 Bd5 31. Qd3 Qc6 32. Nd4 Qb7 33. f3 Rc3 34. Qe2
Qb6 35. Qf2 Rac8 36. h3 b3 37. Rab1 b2 38. Re1 a4 39. Ne2 Qxf2+ 40. Kxf2 Rxc2
41. Ke3 Re8+ 42. Kd3 Rcxe2 43. Rxe2 Rxe2 44. Kxe2 a3 45. Kd2 a2 46. Rxb2 a1=Q
47. Kc2 Qa4+ 48. Kc1 Qa1+ 49. Kc2 Qxb2+ 50. Kxb2 Kf7 51. Kc3 Ke6 52. Kd4 Bb7
53. Ke3 h5 54. Kf4 g5+ 55. Kg3 h4+ 56. Kg4 Ke5 57. g3 Bc8+ 58. Kh5 hxg3 59. Kg6
g2 60. f4+ Kxf4 61. Kxf6 g1=Q 62. Kg6 Bf5+ 63. Kh5 Qh2 64. Kh6 Qxh3+ 65. Kg7
Qh7+ 66. Kf6 Qg6+ 67. Ke7 Ke5 68. Kf8 Qd6+ 69. Kf7 Qd7+ 70. Kg8 Bg6 71. Kf8
Qf7# 0-1